000 00538nam a2200193 a 4500
005 20140310183438.0
008 080206s19uu xx 00 eng d
020 _a9780324645194
050 _aHB 171.5
_b.L44 2008
100 _aLieberman, Marc
245 _aPrinciples and applications of economics /
_cMarc Lieberman
260 _aAustralia :
_bSouth-Western,
_c2008.
300 _a893 p. :
_bcol. ill. ;
_c27 cm.
521 _aBSBA
650 _aEconomics.
700 _aHall, Robert E.
942 _cBK
_2lcc
_kFOR
999 _c22998
_d22998